000
00315pam a2200133a 44500
008
230405s2022 xxu||||| |||| 00| 0 eng d
041
_a
ENG
100
_a
DR.S.B.BHISE
245
_a
PHARMACOVIGILANANCE ( DR.S.B.BHISE)
250
_a
2
260
_a
PUNE
_b
NIRALI PRAKASHAN
_c
2022
300
_a
4.3
906
_a
2687
999
_c
268126
_d
268126